| 000 | 00718nam a2200229Ia 4500 | ||
|---|---|---|---|
| 001 | 8318 | ||
| 003 | GE_BSU | ||
| 008 | 181216s||||||||xx |||||||||||||| ||und|| | ||
| 040 | _cGE_BSU | ||
| 245 | _aТеоретическая и математическая физика (Том 177) №1 2013 | ||
| 245 | _bОктябрь | ||
| 245 | _cГл.ред.А.А.Логунов и др. | ||
| 250 | _aЕжемесячный журнал. | ||
| 260 | _aМосква. | ||
| 260 | _bНаука. | ||
| 260 | _c2013 | ||
| 300 | _a176ст,23см. | ||
| 653 | _aПериодика | ||
| 653 | _aТеоретическая и математическая физика. | ||
| 653 | _aპერიოდიკა | ||
| 942 | _cCR | ||
| 999 |
_c41648 _d41648 |
||